| 000 | 00368nam a2200133Ia 4500 | ||
|---|---|---|---|
| 005 | 20251222143239.0 | ||
| 008 | 251222s9999||||xx |||||||||||||| ||spa|| | ||
| 020 | _a9972-603-82-2 | ||
| 082 | _a373.191/F94 | ||
| 100 | _aFuller, Norma | ||
| 245 | 0 | _aInterculturalidad y PolĂtica: | |
| 264 | _bRed para el Desarrollo de las Ciencias Sociales en el PerĂș | ||
| 942 | _cLIB | ||
| 999 |
_c14518 _d14518 |
||